000 00215nam a2200097Ia 4500
008 190216s9999||||xx |||||||||||||| ||und||
100 _aNair M K
245 0 _aCancer
260 _bKerala Bhasha Institute
942 _cBK
999 _c37607
_d37607